[Event "Novokuznetsk SFO-ch U17"]
[Site "Novokuznetsk"]
[Date "2014.11.05"]
[Round "4"]
[White "Patrin, Yury"]
[Black "Datsiy, Sergey"]
[Result "1-0"]
[WhiteElo "1762"]
[BlackElo "800"]
[PlyCount "61"]
[EventDate "2014.11.02"]
[EventType "swiss"]
[EventRounds "9"]
[EventCountry "RUS"]
[SourceTitle "CBM 163 Extra"]
[Source "ChessBase"]
[SourceDate "2014.12.23"]
[SourceVersion "1"]
[SourceVersionDate "2014.12.23"]
[SourceQuality "1"]

1. Nf3 d5 2. d4 Bg4 3. Ne5 Bd7 4. e3 Nf6 5. c4 e6 6. Nc3 Bb4 7. Qb3 Nc6 8. Nxc6 Bxc3+ 9. bxc3 Bxc6 10. cxd5 Bxd5 11. c4 Bc6 12. Ba3 Ne4 13. Qc2 Qg5 14. Rb1 Nf6 15. h4 Qg6 16. Qxg6 hxg6 17. f3 g5 18. e4 b6 19. d5 exd5 20. cxd5 Bd7 21. Bc1 g4 22. Bg5 Nh5 23. Kf2 f6 24. Bd2 g3+ 25. Ke3 0-0 26. Rc1 Rf7 27. Rxc7 Re8 28. d6 f5 29. Bc4 Be6 30. d7 f4+ 31. Kd4 1-0

[Event "Novokuznetsk SFO-ch U17"]
[Site "Novokuznetsk"]
[Date "2014.11.04"]
[Round "3"]
[White "Datsiy, Sergey"]
[Black "Mongush, Naadym"]
[Result "1-0"]
[WhiteElo "800"]
[BlackElo "700"]
[PlyCount "39"]
[EventDate "2014.11.02"]
[EventType "swiss"]
[EventRounds "9"]
[EventCountry "RUS"]
[SourceTitle "CBM 163 Extra"]
[Source "ChessBase"]
[SourceDate "2014.12.23"]
[SourceVersion "1"]
[SourceVersionDate "2014.12.23"]
[SourceQuality "1"]

1. e4 e5 2. Nf3 d6 3. Bc4 h6 4. Nc3 f5 5. d3 f4 6. 0-0 Nf6 7. d4 Bg4 8. dxe5 Bxf3 9. Qxf3 dxe5 10. Rd1 Nbd7 11. Bxf4 exf4 12. e5 Qe7 13. exf6 Qxf6 14. Qxb7 Rd8 15. Nd5 Qh4 16. Nxc7+ Ke7 17. Qe4+ Kf6 18. Qe6+ Kg5 19. Rd5+ Ne5 20. Rxe5# 1-0